00651cam a22002053a 450000100060000000300060000600500170001200800410002904000150007004200070008505000070009210000340009924501420013326000290027550600300030451600200033465300200035483000290037485600420040314419PGUSA20140828083317.0041222s2004||||xxu|||||s|||||000 | eng d aPGUSAbeng adc 4aPM1 aSmith, Buckingham,d1810-187110aGrammatical Sketch of the Heve Language :bShea's Library of American Linguistics. Volume III.h[electronic resource] /cBuckingham Smith bProject Gutenberg,c2004 aPublic domain in the USA. aElectronic text aEudeve language 0aProject Gutenbergv1441940uhttp://www.gutenberg.org/ebooks/14419